[Event "Capablanca Memorial 1999"]
[Site "Havana CUB"]
[Date "1999.05.15"]
[Round "8"]
[White "Miles, Tony"]
[Black "Hoffman, Alejandro"]
[Result "1/2-1/2"]
[WhiteTitle "GM"]
[BlackTitle "GM"]
[WhiteElo "2609"]
[BlackElo "2547"]
[WhiteNationality "ENG"]
[BlackNationality "ARG"]
[WhiteFideId "403385"]
[BlackFideId "100340"]
[PlyCount "41"]
[Source "TWICs 235, 236, 237"]

{ Source: TWICs 235, 236, 237. } { Event information: <a
href="http://www.irlchess.com/havana1999_allfiles/crosstable_havana1999.html">Tournament
report</a>. }

1. d4 c5 2. c3 e6 3. Nf3 Nf6 4. Bg5 h6 5. Bxf6 Qxf6 6. e4 Qd8 7. Nbd2 cxd4
8. cxd4 Be7 9. Bd3 d5 10. O-O dxe4 11. Bxe4 Kf8 12. Nc4 Nd7 13. Nfe5 Nf6
14. Bf3 Rb8 15. Rc1 Bd7 16. Qb3 b5 17. Ne3 Bd6 18. Bc6 Rb6 19. Bxd7 Nxd7
20. Nc6 Qa8 21. Na5 1/2-1/2